|
|
|
|
| LEADER |
00000nam a2200000Ia 4500 |
| 008 |
171110bs cr ||||| |||| 00| | spa d |
| 999 |
|
|
|c 1455
|d 1455
|
| 090 |
|
|
|a 06.02.01
|b 1562
|
| 110 |
2 |
|
|a Oficina Subregional de la Educación de la UNESCO para Centroamerica y Panamá
|9 3261
|
| 245 |
1 |
0 |
|a Módulos autoformativos sobre formulación y evaluación de proyectos en la esfera de la educación: guía de utilización de los módulos de las series A y B /
|c Oficina Subregional de la Educación de la UNESCO para Centroamerica y Panamá
|
| 260 |
|
|
|a San José, Costa Rica :
|b UNESCO / CAP,
|c s.f.
|
| 300 |
|
|
|a 31 páginas
|
| 650 |
1 |
4 |
|a EDUCACIÓN
|9 1
|
| 650 |
1 |
4 |
|a MANUALES
|9 426
|
| 942 |
|
|
|i 003524
|h 06.02.01 1562
|2 z
|c 01
|